A touch of strange / (Record no. 131491)

MARC details
000 -LEADER
fixed length control field 00666nam a22002297a 4500
005 - DATE AND TIME OF LATEST TRANSACTION
control field 20170124110129.0
010 ## - LIBRARY OF CONGRESS CONTROL NUMBER
LC control number A-328571
020 ## - INTERNATIONAL STANDARD BOOK NUMBER
Terms of availability 00.00
International Standard Book Number 0671655264
035 ## - SYSTEM CONTROL NUMBER
System control number A-328571
037 ## - SOURCE OF ACQUISITION
Source of stock number/acquisition Cen Lib/Ret
040 ## - CATALOGING SOURCE
Original cataloging agency DPL
Language of cataloging EN
082 ## - DEWEY DECIMAL CLASSIFICATION NUMBER
Classification number S
Item number STU
100 ## - MAIN ENTRY--PERSONAL NAME
Personal name Sturgeon, Theodore
9 (RLIN) 31911
245 ## - TITLE STATEMENT
Title A touch of strange /
Statement of responsibility, etc by Theodore Sturgeon
260 ## - PUBLICATION, DISTRIBUTION, ETC. (IMPRINT)
Name of publisher, distributor, etc Simon and Schuster
Place of publication, distribution, etc London
Date of publication, distribution, etc 1987
270 ## - ADDRESS
City London
Address West Garden Place, Kendal Street
300 ## - PHYSICAL DESCRIPTION
Extent xiv, 234p.
Dimensions 21cm(Hb)
500 ## - GENERAL NOTE
General note Includes bibliographical references<br/>
650 ## - SUBJECT ADDED ENTRY--TOPICAL TERM
Topical term or geographic name as entry element Science fiction, American
9 (RLIN) 31912
650 ## - SUBJECT ADDED ENTRY--TOPICAL TERM
Topical term or geographic name as entry element Science fiction
9 (RLIN) 93651
942 ## - ADDED ENTRY ELEMENTS (KOHA)
Source of classification or shelving scheme Dewey Decimal Classification
Koha item type English Books
Classification part S
Call number suffix STU
Holdings
Withdrawn status Lost status Damaged status Not for loan Home library Current library Date acquired Source of acquisition Cost, normal purchase price Total Checkouts Full call number Barcode Date last seen Copy number Cost, replacement price Price effective from Koha item type Public note
Written off       Central Library Central Library 15/07/2015 Cen Lib/Ret 0.00   S STU A-328571 15/07/2015 1 0.00 15/07/2015 English Books W/d List No. 6885/9 ; dtd 07/09/2020

© Delhi Public Library
Hit Counter
free hit counter